000
00249nam a22001097a 4500
082
_a
621.406 WEL'G
100
_a
WALLER, G,WELSH, R. J
_9
57575
245
_a
THE GAS TURBINES MANUAL
260
_a
LONDON
_b
TEMPLE
_c
1955
300
_a
296P
942
_c
BK
999
_c
567844
_d
567844